| 000 | 00905nam a2200325 a 4500 | ||
|---|---|---|---|
| 003 | AR-BaBNM | ||
| 005 | 20251128203352.0 | ||
| 008 | 082120s2002 ||||||||||||||000 | spa|| | ||
| 040 | _cAR-BaBNM | ||
| 100 | 1 | _aStolz, F. | |
| 245 | 0 | 0 | _aHistoria de la lengua latina |
| 260 |
_aMadrid _bVictoriano Suárez _c1922 |
||
| 300 | _a300 p. | ||
| 490 | 0 |
_aBiblioteca española de divulgación científica _vv. 2 |
|
| 500 | _aContiene referencias bibliográficas en p. 293 | ||
| 650 | 4 | _aLITERATURA LATINA | |
| 650 | 4 | _aINVESTIGACION LINGÜISTICA | |
| 650 | 4 | _aFILOLOGIA | |
| 650 | 4 | _aLATIN | |
| 650 | 4 | _aMORFOLOGIA [LINGÜISTICA] | |
| 650 | 4 | _aSINTAXIS | |
| 650 | 4 | _aSEMANTICA | |
| 650 | 4 | _aHISTORIA LITERARIA | |
| 650 | 4 | _aLENGUAS INDOEUROPEAS | |
| 653 | _aGRAMATICA LATINA | ||
| 653 | _aHISTORIA DE LA LENGUA | ||
| 700 | 1 |
_aCastro, Américo _etraductor |
|
| 942 | _cBK | ||
| 998 | _cMARTIN | ||
| 999 |
_c3064 _d3064 |
||